Statistics for Tim Hortons Locations by Province: PEI

Click here to take the quiz!

General Stats

  • This quiz has been taken 9 times
  • The average score is 16 of 23

Answer Stats

HintAnswer% Correct
12Charlottetown
86%
3Charlottetown
86%
4Charlottetown
86%
5Charlottetown
86%
6Charlottetown
86%
7Charlottetown
86%
8Charlottetown
86%
9Charlottetown
86%
10Charlottetown
86%
11Charlottetown
86%
13Charlottetown
86%
20Summerside
71%
22Summerside
71%
21Summerside
71%
23Summerside
71%
18Souris
57%
19Stratford
57%
1Borden-Carleton
43%
14Cornwall
43%
16Montague
43%
2Cavendish
29%
15Kensington
29%
17O'Leary
29%

Score Distribution

Percentile by Number Answered

Percent of People with Each Score

Your Score History

You have not taken this quiz